000 00331nam a22001337a 4500
008 240920b |||||||| |||| 00| 0 eng d
020 _a81-7684-768-2
100 _aS S Mishra & S Mishra
245 _aVLSI Circuits & System
260 _aNew Delhi
_bSatya Prakashan
_c2014
300 _a722
650 _aBB-ECE
942 _2ddc
_cBK
999 _c20872
_d20872